[Event "RN-2020-0-01590"]
[Site "LSS email"]
[Date "2020.01.02"]
[Round "?"]
[White "Rocek, Vladimir"]
[Black "Evtyugin, Yury Alekseevich"]
[Result "1-0"]
[WhiteElo "1110"]
[BlackElo "1022"]
[PlyCount "27"]
[EventDate "2019.12.20"]
[EventType "tourn (corr)"]
[EventRounds "6"]
[EventCountry "GER"]
[SourceTitle "Corr 2022"]
[Source "ChessBase"]
[SourceDate "2021.10.24"]
[SourceVersion "1"]
[SourceVersionDate "2021.10.24"]
[SourceQuality "1"]

1. e4 c5 2. Nf3 Nc6 3. g3 e5 4. Bg2 Nf6 5. d3 Be7 6. 0-0 0-0 7. b3 d6 8. Bb2 Bg4 9. Nbd2 Qc7 10. Nc4 Nd4 11. h3 Nxf3+ 12. Bxf3 Bxh3 13. Bg2 Be6 14. Ne3 1-0

[Event "RN-2019-0-01589"]
[Site "LSS email"]
[Date "2019.12.30"]
[Round "?"]
[White "Evtyugin, Yury Alekseevich"]
[Black "Heiser, Jerome"]
[Result "0-1"]
[WhiteElo "1022"]
[BlackElo "536"]
[PlyCount "22"]
[EventDate "2019.12.13"]
[EventType "tourn (corr)"]
[EventRounds "6"]
[EventCountry "GER"]
[SourceTitle "Corr 2022"]
[Source "ChessBase"]
[SourceDate "2021.10.24"]
[SourceVersion "1"]
[SourceVersionDate "2021.10.24"]
[SourceQuality "1"]

1. Nf3 Nc6 2. g3 d5 3. d4 e5 4. dxe5 Nxe5 5. Bg2 Nxf3+ 6. Bxf3 c6 7. 0-0 Bf5 8. Bf4 Bd6 9. Bxd6 Qxd6 10. e4 Bg6 11. Re1 Ne7 0-1

[Event "RN-2019-0-01589"]
[Site "LSS email"]
[Date "2019.12.29"]
[Round "?"]
[White "Evtyugin, Yury Alekseevich"]
[Black "Sogert, Daniel"]
[Result "0-1"]
[WhiteElo "1022"]
[BlackElo "800"]
[PlyCount "32"]
[EventDate "2019.12.13"]
[EventType "tourn (corr)"]
[EventRounds "6"]
[EventCountry "GER"]
[SourceTitle "Corr 2022"]
[Source "ChessBase"]
[SourceDate "2021.10.24"]
[SourceVersion "1"]
[SourceVersionDate "2021.10.24"]
[SourceQuality "1"]

1. Nf3 Nf6 2. g3 g6 3. Bg2 Bg7 4. 0-0 0-0 5. d4 c6 6. c4 d5 7. c5 Nbd7 8. Nc3 Re8 9. Bf4 Nh5 10. Bg5 h6 11. Bd2 e5 12. e3 e4 13. Ne1 f5 14. f4 Nhf6 15. h3 g5 16. b4 a6 0-1

[Event "RN-2019-0-01588"]
[Site "LSS email"]
[Date "2019.12.26"]
[Round "?"]
[White "Evtyugin, Yury Alekseevich"]
[Black "Vontina, Maria"]
[Result "1-0"]
[WhiteElo "1022"]
[BlackElo "814"]
[PlyCount "29"]
[EventDate "2019.12.09"]
[EventType "tourn (corr)"]
[EventRounds "6"]
[EventCountry "GER"]
[SourceTitle "Corr 2022"]
[Source "ChessBase"]
[SourceDate "2021.10.24"]
[SourceVersion "1"]
[SourceVersionDate "2021.10.24"]
[SourceQuality "1"]

1. Nf3 Nf6 2. g3 g6 3. Bg2 Bg7 4. 0-0 0-0 5. d4 d5 6. Bf4 c6 7. Nc3 Nbd7 8. a4 a6 9. a5 Re8 10. Qd2 Nf8 11. Ne5 N8d7 12. b4 Nf8 13. Rad1 Ne6 14. Be3 Ng4 15. Nxg4 1-0

[Event "RF-2019-0-00499"]
[Site "LSS email"]
[Date "2019.12.25"]
[Round "?"]
[White "Chura, Michal"]
[Black "Evtyugin, Yury Alekseevich"]
[Result "1-0"]
[WhiteElo "1160"]
[BlackElo "1022"]
[PlyCount "43"]
[EventDate "2019.12.11"]
[EventType "tourn (corr)"]
[EventRounds "6"]
[EventCountry "GER"]
[SourceTitle "Corr 2022"]
[Source "ChessBase"]
[SourceDate "2021.10.24"]
[SourceVersion "1"]
[SourceVersionDate "2021.10.24"]
[SourceQuality "1"]

1. f4 d5 2. Nf3 c5 3. e3 Nc6 4. Bb5 Bd7 5. 0-0 Nf6 6. b3 e6 7. Bb2 a6 8. Bxc6 Bxc6 9. Ne5 Qc7 10. d3 Be7 11. Nd2 0-0 12. Rf3 Nd7 13. Nxd7 Qxd7 14. Rh3 h6 15. Qg4 f6 16. Rxh6 e5 17. Qxd7 Bxd7 18. Rg6 Bf5 19. Rg3 d4 20. e4 exf4 21. Rf3 g5 22. exf5 1-0

[Event "SN-2019-0-01009"]
[Site "LSS email"]
[Date "2019.12.25"]
[Round "?"]
[White "Evtyugin, Yury Alekseevich"]
[Black "Hickl, Norbert"]
[Result "0-1"]
[WhiteElo "1022"]
[BlackElo "879"]
[PlyCount "54"]
[EventDate "2019.12.06"]
[EventType "tourn (corr)"]
[EventRounds "6"]
[EventCountry "GER"]
[SourceTitle "Corr 2022"]
[Source "ChessBase"]
[SourceDate "2021.10.24"]
[SourceVersion "1"]
[SourceVersionDate "2021.10.24"]
[SourceQuality "1"]

1. Nf3 d5 2. d4 Bg4 3. e3 Nf6 4. Be2 Nbd7 5. 0-0 e6 6. Nbd2 Bd6 7. c4 dxc4 8. Nxc4 0-0 9. Nce5 Ne4 10. h3 Bh5 11. Nxd7 Qxd7 12. Nd2 Bg6 13. Nxe4 Bxe4 14. Bf3 Qc6 15. Bxe4 Qxe4 16. Bd2 f5 17. f4 Rf6 18. Rc1 Qd5 19. b3 Rg6 20. Qf3 Qxf3 21. Rxf3 Rd8 22. Kf1 e5 23. fxe5 Bxe5 24. Rxf5 Bh2 25. g4 Re6 26. Kg2 Bd6 27. Rcf1 c5 0-1

[Event "RN-2019-0-01587"]
[Site "LSS email"]
[Date "2019.12.25"]
[Round "?"]
[White "Venturas, Bob"]
[Black "Evtyugin, Yury Alekseevich"]
[Result "1-0"]
[WhiteElo "579"]
[BlackElo "1022"]
[PlyCount "51"]
[EventDate "2019.12.04"]
[EventType "tourn (corr)"]
[EventRounds "6"]
[EventCountry "GER"]
[SourceTitle "Corr 2022"]
[Source "ChessBase"]
[SourceDate "2021.10.24"]
[SourceVersion "1"]
[SourceVersionDate "2021.10.24"]
[SourceQuality "1"]

1. e4 c5 2. Nf3 Nc6 3. Bb5 d6 4. h3 Bd7 5. Bc4 h6 6. d4 cxd4 7. Nxd4 Nf6 8. Nc3 e6 9. 0-0 Be7 10. Bb3 Na5 11. Kh1 Nxb3 12. Nxb3 Bc6 13. f3 0-0 14. Ne2 d5 15. e5 Nd7 16. f4 a5 17. Be3 b5 18. a3 a4 19. Nbd4 Qc7 20. c3 Nc5 21. Ng3 Bd7 22. Qf3 f5 23. exf6 Bxf6 24. Nde2 Rac8 25. Rac1 Nd3 26. Rb1 1-0

[Event "RN-2019-0-01563"]
[Site "LSS email"]
[Date "2019.09.18"]
[Round "?"]
[White "Kuttner, Jaromir"]
[Black "Evtyugin, Yury Alekseevich"]
[Result "1-0"]
[WhiteElo "995"]
[BlackElo "1023"]
[PlyCount "49"]
[EventDate "2019.09.07"]
[EventType "tourn (corr)"]
[EventRounds "6"]
[EventCountry "GER"]
[SourceTitle "Corr 2022"]
[Source "ChessBase"]
[SourceDate "2021.10.24"]
[SourceVersion "1"]
[SourceVersionDate "2021.10.24"]
[SourceQuality "1"]

1. e4 c5 2. Nf3 Nc6 3. d4 cxd4 4. Nxd4 Nf6 5. Nc3 e5 6. Nde2 Bb4 7. a3 Ba5 8. b4 Bb6 9. Bb2 0-0 10. h3 d6 11. g4 Nd4 12. Bg2 Be6 13. Ng3 Rc8 14. 0-0 Qd7 15. a4 a5 16. b5 Rc7 17. Nf5 Nxf5 18. exf5 Bc4 19. Re1 Rd8 20. Ne4 Nxe4 21. Rxe4 Kf8 22. Ba3 f6 23. Qd2 Kg8 24. Rxc4 Rxc4 25. Bd5+ 1-0

[Event "RN-2019-0-01563"]
[Site "LSS email"]
[Date "2019.09.18"]
[Round "?"]
[White "Vontina, Maria"]
[Black "Evtyugin, Yury Alekseevich"]
[Result "0-1"]
[WhiteElo "744"]
[BlackElo "1023"]
[PlyCount "72"]
[EventDate "2019.09.07"]
[EventType "tourn (corr)"]
[EventRounds "6"]
[EventCountry "GER"]
[SourceTitle "Corr 2022"]
[Source "ChessBase"]
[SourceDate "2021.10.24"]
[SourceVersion "1"]
[SourceVersionDate "2021.10.24"]
[SourceQuality "1"]

1. e4 c5 2. Nf3 Nc6 3. d4 cxd4 4. Nxd4 Nf6 5. Nc3 e5 6. Ndb5 d6 7. Bg5 a6 8. Na3 b5 9. Nd5 Be7 10. Bxf6 Bxf6 11. c3 Bg5 12. Be2 0-0 13. 0-0 Ne7 14. Nxe7+ Bxe7 15. Nc2 Bb7 16. f3 d5 17. exd5 Qxd5 18. Qxd5 Bxd5 19. a3 Bc5+ 20. Kh1 f6 21. Ne1 Rad8 22. Nd3 Bb6 23. Nb4 Bb7 24. Rad1 Rxd1 25. Rxd1 Rd8 26. Rxd8+ Bxd8 27. Kg1 Bb6+ 28. Kf1 Kf7 29. Bd3 g6 30. Ke2 Bc5 31. Nc2 f5 32. Nb4 Ke6 33. h4 e4 34. fxe4 fxe4 35. Bc2 h6 36. g3 Kf5 0-1

[Event "RF-2019-0-00482"]
[Site "LSS email"]
[Date "2019.07.20"]
[Round "?"]
[White "Evtyugin, Yury Alekseevich"]
[Black "Shim Ng Min, Francis"]
[Result "1-0"]
[WhiteElo "993"]
[BlackElo "1220"]
[PlyCount "35"]
[EventDate "2019.06.13"]
[EventType "tourn (corr)"]
[EventRounds "6"]
[EventCountry "GER"]
[SourceTitle "Corr 2022"]
[Source "ChessBase"]
[SourceDate "2021.10.24"]
[SourceVersion "1"]
[SourceVersionDate "2021.10.24"]
[SourceQuality "1"]

1. Nf3 Nf6 2. g3 d5 3. d4 e6 4. c4 c6 5. e3 Be7 6. Nc3 0-0 7. cxd5 cxd5 8. Bg2 Nc6 9. 0-0 h6 10. a3 Bd7 11. b4 a6 12. Bb2 Rc8 13. Qd2 Ne8 14. e4 dxe4 15. Nxe4 Nd6 16. Nxd6 Bxd6 17. Rad1 b5 18. d5 1-0

[Event "LSS No Engine Cup 191 Preliminary 0"]
[Site "LSS email"]
[Date "2019.07.06"]
[Round "?"]
[White "Evtyugin, Yury Alekseevich"]
[Black "Wilshusen, Horst"]
[Result "0-1"]
[WhiteElo "1290"]
[BlackElo "1591"]
[PlyCount "40"]
[EventDate "2019.07.07"]
[EventType "tourn (corr)"]
[EventRounds "6"]
[EventCountry "GER"]
[SourceTitle "Corr 2022"]
[Source "ChessBase"]
[SourceDate "2021.10.24"]
[SourceVersion "1"]
[SourceVersionDate "2021.10.24"]
[SourceQuality "1"]

1. Nf3 b5 2. e4 a6 3. d4 Bb7 4. d5 g6 5. Bd3 Bg7 6. c3 d6 7. 0-0 Nd7 8. Be3 c5 9. Qc2 c4 10. Be2 Nh6 11. Bd4 0-0 12. Nbd2 Qc7 13. a4 e5 14. Be3 Ng4 15. a5 Nxe3 16. fxe3 f6 17. h3 Rae8 18. Rfe1 Bc8 19. Nh2 Nc5 20. b4 cxb3 0-1

[Event "LSS No Engine Cup 191 Preliminary 0"]
[Site "LSS email"]
[Date "2019.07.06"]
[Round "?"]
[White "Schleef, Harald"]
[Black "Evtyugin, Yury Alekseevich"]
[Result "1-0"]
[WhiteElo "1600"]
[BlackElo "1290"]
[PlyCount "53"]
[EventDate "2019.07.07"]
[EventType "tourn (corr)"]
[EventRounds "6"]
[EventCountry "GER"]
[SourceTitle "Corr 2022"]
[Source "ChessBase"]
[SourceDate "2021.10.24"]
[SourceVersion "1"]
[SourceVersionDate "2021.10.24"]
[SourceQuality "1"]

1. e4 c5 2. Nf3 Nc6 3. d4 cxd4 4. Nxd4 Nf6 5. Nc3 e5 6. Ndb5 d6 7. Bg5 a6 8. Na3 b5 9. Nd5 Be7 10. Bxf6 Bxf6 11. c3 Bg5 12. Nc2 0-0 13. a4 bxa4 14. Rxa4 a5 15. Bc4 Ba6 16. h4 Bh6 17. Bxa6 Rxa6 18. Na3 Ne7 19. Qd3 Ra8 20. Nc4 Nxd5 21. Qxd5 Qd7 22. Nb6 Qe8 23. Qxa8 Qb5 24. Qxa5 Qd3 25. Qd5 Qb1+ 26. Qd1 Qxe4+ 27. Rxe4 1-0

[Event "RN-2019-0-01545"]
[Site "LSS email"]
[Date "2019.07.05"]
[Round "?"]
[White "Evtyugin, Yury Alekseevich"]
[Black "Kuttner, Jaromir"]
[Result "0-1"]
[WhiteElo "998"]
[BlackElo "892"]
[PlyCount "94"]
[EventDate "2019.06.20"]
[EventType "tourn (corr)"]
[EventRounds "6"]
[EventCountry "GER"]
[SourceTitle "Corr 2022"]
[Source "ChessBase"]
[SourceDate "2021.10.24"]
[SourceVersion "1"]
[SourceVersionDate "2021.10.24"]
[SourceQuality "1"]

1. Nf3 Nf6 2. g3 g6 3. Bg2 Bg7 4. 0-0 0-0 5. d4 d5 6. Bf4 Nc6 7. c3 Re8 8. Nbd2 Ne4 9. Nxe4 dxe4 10. Nd2 f5 11. Qc2 e5 12. dxe5 Nxe5 13. Rad1 Qe7 14. Bxe5 Qxe5 15. Nc4 Qb5 16. Na3 Qa6 17. Qb3+ Be6 18. Qb5 Qxb5 19. Nxb5 Rec8 20. a3 Bb3 21. Rd2 a6 22. Nd4 Bf7 23. e3 c5 24. Ne2 Rd8 25. Rfd1 Rxd2 26. Rxd2 Kf8 27. f3 Bh6 28. f4 Ke7 29. Kf2 Rd8 30. Rxd8 Kxd8 31. Ke1 Kd7 32. Kd2 Kd6 33. Nc1 b5 34. g4 Bg7 35. Bh3 Be6 36. g5 h6 37. b4 cxb4 38. cxb4 hxg5 39. fxg5 Be5 40. Kc2 Bxh2 41. Ne2 Bf7 42. Nd4 Bg3 43. Nxf5+ gxf5 44. Bxf5 Kd5 45. g6 Be6 46. g7 Bg8 47. Kd2 Bc7 0-1

[Event "RN-2019-0-01545"]
[Site "LSS email"]
[Date "2019.07.05"]
[Round "?"]
[White "Malyszek, Tomasz"]
[Black "Evtyugin, Yury Alekseevich"]
[Result "1-0"]
[WhiteElo "944"]
[BlackElo "998"]
[PlyCount "57"]
[EventDate "2019.06.20"]
[EventType "tourn (corr)"]
[EventRounds "6"]
[EventCountry "GER"]
[SourceTitle "Corr 2022"]
[Source "ChessBase"]
[SourceDate "2021.10.24"]
[SourceVersion "1"]
[SourceVersionDate "2021.10.24"]
[SourceQuality "1"]

1. e4 c5 2. Nf3 Nc6 3. d4 cxd4 4. Nxd4 e5 5. Nxc6 bxc6 6. Bc4 Nf6 7. Bg5 Be7 8. Bxf6 Bxf6 9. Nc3 0-0 10. 0-0 d6 11. Be2 Be6 12. Bf3 Be7 13. Ne2 Qb6 14. b3 Rad8 15. c4 d5 16. cxd5 cxd5 17. exd5 Bf6 18. Nc3 Bf5 19. Ne4 Bxe4 20. Bxe4 Rd6 21. Rc1 g6 22. Rc6 Rxc6 23. dxc6 Rd8 24. Qc1 Rc8 25. Rd1 Bd8 26. Rd7 Bc7 27. Qc4 Rf8 28. Bd5 Qd4 29. Bxf7+ 1-0

[Event "RF-2019-0-00480"]
[Site "LSS email"]
[Date "2019.06.30"]
[Round "?"]
[White "Evtyugin, Yury Alekseevich"]
[Black "Ranalli, Emmanuel"]
[Result "1/2-1/2"]
[WhiteElo "1007"]
[BlackElo "1125"]
[PlyCount "56"]
[EventDate "2019.05.24"]
[EventType "tourn (corr)"]
[EventRounds "6"]
[EventCountry "GER"]
[SourceTitle "Corr 2022"]
[Source "ChessBase"]
[SourceDate "2021.10.24"]
[SourceVersion "1"]
[SourceVersionDate "2021.10.24"]
[SourceQuality "1"]

1. Nf3 d5 2. d4 Nf6 3. Bf4 Bf5 4. Nh4 Bg4 5. h3 Bh5 6. g4 Bg6 7. Nxg6 hxg6 8. Bg2 e6 9. Nc3 c6 10. Qd2 Bd6 11. Bg5 Nbd7 12. e4 dxe4 13. Nxe4 Be7 14. c4 Nxe4 15. Bxe7 Nxd2 16. Bxd8 Nxc4 17. Bg5 0-0 18. 0-0-0 f6 19. Be3 Nxe3 20. fxe3 Nb6 21. b3 Rad8 22. Kb2 Nd5 23. Bxd5 exd5 24. Kc3 Rfe8 25. Kd3 Re4 26. Rhf1 Rde8 27. Rf3 f5 28. Rg1 R8e6 1/2-1/2

[Event "RF-2019-0-00480"]
[Site "LSS email"]
[Date "2019.06.25"]
[Round "?"]
[White "Chura, Michal"]
[Black "Evtyugin, Yury Alekseevich"]
[Result "1-0"]
[WhiteElo "1187"]
[BlackElo "1007"]
[PlyCount "61"]
[EventDate "2019.05.24"]
[EventType "tourn (corr)"]
[EventRounds "6"]
[EventCountry "GER"]
[SourceTitle "Corr 2022"]
[Source "ChessBase"]
[SourceDate "2021.10.24"]
[SourceVersion "1"]
[SourceVersionDate "2021.10.24"]
[SourceQuality "1"]

1. f4 d5 2. Nf3 Nc6 3. e3 g6 4. Bb5 Bd7 5. 0-0 Bg7 6. d3 Nf6 7. Nc3 0-0 8. Bxc6 Bxc6 9. Ne5 Be8 10. Rf3 c6 11. Qe1 Nd7 12. Nxd7 Bxd7 13. e4 e5 14. fxe5 Bxe5 15. Bf4 Bxf4 16. Rxf4 d4 17. Ne2 c5 18. Qf2 Qe7 19. Rf1 Rae8 20. Ng3 a5 21. Rf6 Be6 22. Qf4 Kg7 23. Qe5 Kg8 24. Qg5 Kg7 25. Qe5 Kg8 26. Qg5 Kg7 27. Nh5+ Kh8 28. Nf4 Kg7 29. Rf3 h6 30. Qg3 b5 31. Nxg6 1-0

[Event "SN-2019-0-00980"]
[Site "LSS email"]
[Date "2019.06.25"]
[Round "?"]
[White "Churyaev, Aleksej"]
[Black "Evtyugin, Yury Alekseevich"]
[Result "0-1"]
[WhiteElo "927"]
[BlackElo "1005"]
[PlyCount "108"]
[EventDate "2019.05.22"]
[EventType "tourn (corr)"]
[EventRounds "6"]
[EventCountry "GER"]
[SourceTitle "Corr 2022"]
[Source "ChessBase"]
[SourceDate "2021.10.24"]
[SourceVersion "1"]
[SourceVersionDate "2021.10.24"]
[SourceQuality "1"]

1. Nf3 d5 2. e3 Nc6 3. b3 e5 4. d3 Bd6 5. Bb2 Nf6 6. Nbd2 Bg4 7. Be2 Qd7 8. h3 Bh5 9. c3 0-0 10. Rg1 Kh8 11. g4 Bg6 12. Nh4 e4 13. d4 Bh2 14. Rg2 Bd6 15. a3 Ng8 16. Nxg6+ fxg6 17. c4 dxc4 18. bxc4 Rae8 19. Qc2 Be7 20. Nxe4 Nf6 21. Nxf6 gxf6 22. 0-0-0 Qc8 23. Qc3 Kg8 24. d5 Ne5 25. f4 Nd7 26. g5 Rf7 27. h4 Nc5 28. Qc2 a5 29. Bd4 Ne4 30. Qb2 Bc5 31. Bxc5 Nxc5 32. Rg3 b6 33. Qb5 f5 34. h5 Ne4 35. hxg6 hxg6 36. Rh3 Nf2 37. Rf3 Nxd1 38. Kxd1 Qd7 39. a4 Qxb5 40. axb5 Ra8 41. Bd3 Re7 42. Kd2 Rh7 43. Kc3 Rh1 44. Rf1 Rh2 45. Kb3 a4+ 46. Ka3 Rd2 47. Bb1 Re2 48. e4 Re3+ 49. Ka2 fxe4 50. f5 Rf3 51. Re1 gxf5 52. Rg1 Kg7 53. g6 a3 54. Rg2 Ra4 0-1

[Event "SN-2019-0-00980"]
[Site "LSS email"]
[Date "2019.06.25"]
[Round "?"]
[White "Evtyugin, Yury Alekseevich"]
[Black "Vontina, Maria"]
[Result "1-0"]
[WhiteElo "1005"]
[BlackElo "840"]
[PlyCount "63"]
[EventDate "2019.05.22"]
[EventType "tourn (corr)"]
[EventRounds "6"]
[EventCountry "GER"]
[SourceTitle "Corr 2022"]
[Source "ChessBase"]
[SourceDate "2021.10.24"]
[SourceVersion "1"]
[SourceVersionDate "2021.10.24"]
[SourceQuality "1"]

1. d4 Nf6 2. c4 d5 3. Nc3 e6 4. Nf3 Be7 5. Bf4 0-0 6. e3 c6 7. cxd5 exd5 8. Be2 Bg4 9. Ne5 Bxe2 10. Qxe2 Nbd7 11. 0-0 Bd6 12. Nxd7 Qxd7 13. Bxd6 Qxd6 14. Rad1 a6 15. a3 Rfe8 16. Qd3 Ne4 17. f3 Nf6 18. e4 dxe4 19. Nxe4 Nxe4 20. fxe4 Rad8 21. b4 Ra8 22. Qf3 Rf8 23. d5 cxd5 24. Rxd5 Qe7 25. e5 b5 26. Rfd1 Rad8 27. Qd3 Rxd5 28. Qxd5 Re8 29. Re1 h5 30. e6 g6 31. exf7+ Qxf7 32. Rxe8+ 1-0

[Event "RF-2019-0-00479"]
[Site "LSS email"]
[Date "2019.06.20"]
[Round "?"]
[White "Evtyugin, Yury Alekseevich"]
[Black "Ranalli, Emmanuel"]
[Result "0-1"]
[WhiteElo "977"]
[BlackElo "1125"]
[PlyCount "52"]
[EventDate "2019.05.11"]
[EventType "tourn (corr)"]
[EventRounds "6"]
[EventCountry "GER"]
[SourceTitle "Corr 2022"]
[Source "ChessBase"]
[SourceDate "2021.10.24"]
[SourceVersion "1"]
[SourceVersionDate "2021.10.24"]
[SourceQuality "1"]

1. Nf3 d5 2. d4 Nf6 3. c4 c6 4. b3 Bf5 5. Bf4 e6 6. c5 Nbd7 7. e3 Be7 8. Bd3 Bxd3 9. Qxd3 0-0 10. Nc3 Nh5 11. Bg3 Nxg3 12. hxg3 f5 13. 0-0-0 b6 14. b4 bxc5 15. dxc5 a5 16. a3 axb4 17. axb4 Qb8 18. Qb1 e5 19. Kd2 d4 20. exd4 e4 21. Ne1 e3+ 22. fxe3 Qxg3 23. Rh3 Qf2+ 24. Ne2 Nf6 25. Rf3 Ne4+ 26. Kd3 Ra3+ 0-1

[Event "RF-2019-0-00479"]
[Site "LSS email"]
[Date "2019.06.19"]
[Round "?"]
[White "Chura, Michal"]
[Black "Evtyugin, Yury Alekseevich"]
[Result "1-0"]
[WhiteElo "1143"]
[BlackElo "977"]
[PlyCount "87"]
[EventDate "2019.05.11"]
[EventType "tourn (corr)"]
[EventRounds "6"]
[EventCountry "GER"]
[SourceTitle "Corr 2022"]
[Source "ChessBase"]
[SourceDate "2021.10.24"]
[SourceVersion "1"]
[SourceVersionDate "2021.10.24"]
[SourceQuality "1"]

1. f4 d5 2. Nf3 Nc6 3. e3 Bg4 4. Bb5 a6 5. Bxc6+ bxc6 6. d3 Nf6 7. 0-0 e6 8. Qe1 Bd6 9. e4 dxe4 10. dxe4 Bc5+ 11. Kh1 Bxf3 12. gxf3 0-0 13. Be3 Bb6 14. Nc3 Qe7 15. Rg1 Kh8 16. Rg2 Ne8 17. Qf2 Rb8 18. Rag1 f5 19. Na4 Bxe3 20. Qxe3 Qb4 21. b3 Nd6 22. Rxg7 fxe4 23. fxe4 Qxe4+ 24. Qxe4 Nxe4 25. Rxc7 Nf2+ 26. Kg2 Ng4 27. Kh3 Nf2+ 28. Kg3 Ne4+ 29. Kf3 Nf6 30. Nc5 Nd5 31. Rxc6 Rbc8 32. Rxc8 Rxc8 33. Nxe6 Rxc2 34. Rg2 Rc6 35. Ng5 Rf6 36. Nh3 a5 37. Ke4 Ne7 38. Ke5 Rh6 39. Ng5 Ng6+ 40. Ke4 Kg7 41. Nf3 Kf6 42. Ne5 Nh4 43. Rc2 Ke7 44. Nc6+ 1-0

[Event "RN-2019-0-01541"]
[Site "LSS email"]
[Date "2019.06.19"]
[Round "?"]
[White "Evtyugin, Yury Alekseevich"]
[Black "Berk, Ozan"]
[Result "1/2-1/2"]
[WhiteElo "1020"]
[BlackElo "930"]
[PlyCount "58"]
[EventDate "2019.06.08"]
[EventType "tourn (corr)"]
[EventRounds "6"]
[EventCountry "GER"]
[SourceTitle "Corr 2022"]
[Source "ChessBase"]
[SourceDate "2021.10.24"]
[SourceVersion "1"]
[SourceVersionDate "2021.10.24"]
[SourceQuality "1"]

1. Nf3 Nf6 2. g3 g6 3. Bg2 Bg7 4. d4 0-0 5. c4 d6 6. 0-0 Bg4 7. Nc3 Nbd7 8. Qd3 c5 9. e3 a6 10. Nd2 cxd4 11. exd4 Qc7 12. Re1 e5 13. d5 Nc5 14. Qe3 Bf5 15. b4 Nd3 16. Rd1 Ng4 17. Qe2 Ngxf2 18. Rf1 e4 19. Ncxe4 Bxa1 20. Nxf2 Bd4 21. Kh1 Nxf2+ 22. Rxf2 Bxf2 23. Qxf2 Rac8 24. Bb2 f6 25. h3 Bd3 26. Qf4 Rce8 27. c5 Re1+ 28. Kh2 Re2 29. Kg1 Re1+ 1/2-1/2